banner-ar

CONGRESS AS PUBLIC ENEMY: PUBLIC ATTITUDES TOWARD AMERICAN POLITICAL INSTITUTION / (Record no. 13874)

MARC details
000 -الفاتح
حقل البيانات ثابتة الطول 00630nam a2200205Ia 4500
008 - عناصر البيانات ثابتة الطول - معلومات عامة
حقل البيانات ثابتة الطول 140319s9999 xx 000 0 eng d
040 ## - مصدر الفهرسة
وكالة الفهرسة الأصلية GCL /
وكالة النسخ GCL
082 04 - رقم تصنيف ديوى العشرى
رقم التصنيف 328.7301
رقم المادة H C
100 1# - المدخل الرئيسى - إسم شخصى
الإسم الشخصى HIBBING, JOHN R
245 10 - بيان العنوان
العنوان CONGRESS AS PUBLIC ENEMY: PUBLIC ATTITUDES TOWARD AMERICAN POLITICAL INSTITUTION /
بيان المسئوليه,etc HIBBING, JOHN R
700 1# - المدخل الاضافى - اسم شخصى
الإسم الشخصى MORSE, ELIZABETH THEISS
260 ## - PUBLICATION, DISTRIBUTION, ETC. (IMPRINT)
تاريخ النشر أو التوزيع 1995
300 ## - الوصف المادى
التعداد 186 P
650 04 - المدخل الاضافى بالموضوع-مصطلح موضوعى
مصطلح موضوعي UNITED STATES
650 04 - المدخل الاضافى بالموضوع-مصطلح موضوعى
مصطلح موضوعي UNITED STATES - CONGRESS REFORM
650 04 - المدخل الاضافى بالموضوع-مصطلح موضوعى
مصطلح موضوعي PUBLIC OPINION
650 04 - المدخل الاضافى بالموضوع-مصطلح موضوعى
مصطلح موضوعي UNITED STATES - CONGRESS
942 ## - عناصر المدخل الإضافي( كوها)
مصدر التصنيف او مخطط الترفيف Dewey Decimal Classification
Koha [default] item type كتاب
260 ## - PUBLICATION, DISTRIBUTION, ETC. (IMPRINT)
-- [S.N] :
-- CAMBRIDGE UNIVERSITY PRESS ،
Holdings
حالة التراجع حالة الفقد حالة تلف ليس للاعارة المكان المؤقت الموقع الحالى تاريخ الاكتساب اجمالي اﻻعارات رقم الطلب الباركود تاريخ اخر مشاهدة تاريخ تفعيل السعر نوع وعاء كوها
        مكتبة القاهرة الكبرى مكتبة القاهرة الكبرى 03/26/2014   328.7301\H C 26267 03/26/2014 03/26/2014 كتاب

Powered By

EGPV